| 000 | 00708nam a2200217 a 4500 | ||
|---|---|---|---|
| 999 |
_c12523 _d12523 |
||
| 001 | 12523 | ||
| 003 | BD-JhCC | ||
| 005 | 20220811134024.0 | ||
| 008 | 220614s2022 bg |||| ||a| 000 0 ben d | ||
| 035 | _a(BD-JhCC)12522 | ||
| 040 |
_aBD-JhCC _dBD-JhCC |
||
| 041 | _aben | ||
| 082 |
_a891.4435 _bUDD 2022 |
||
| 100 | _aউদ্দিন, মোহাম্মদ নাজিম | ||
| 245 |
_aনেক্সট / _cমোহাম্মদ নাজিম উদ্দিন । |
||
| 260 |
_aঢাকা: _bবাতিঘর প্রকাশনী; _c২০২২. |
||
| 300 |
_a৪৩০ পৃ. : _c২২ সেমি. |
||
| 650 | _aDetective Stories | ||
| 942 |
_2ddc _cBK _02 |
||